[Event "4NCL Online Division 3"]
[Site "online"]
[Date "2020.04.28"]
[Round "4.131"]
[White "Smith, Simon C"]
[Black "Finn, Jonathan"]
[Result "1-0"]
[WhiteElo "1915"]
[BlackElo "1915"]
[PlyCount "145"]
[EventDate "2020.04.28"]
[WhiteTeam "Warley Mighty Quins"]
[BlackTeam "Nottingham University 1"]

1. Nf3 d5 2. d4 Bf5 3. c4 c6 4. Nc3 e6 5. Qb3 Qb6 6. c5 Qc7 7. Bf4 Qc8 8. e3
Nf6 9. Rc1 Be7 10. h3 O-O 11. g4 Bg6 12. Ne5 Nbd7 13. Nxg6 fxg6 14. Qc2 b6 15.
b4 b5 16. Bd3 a5 17. a3 axb4 18. axb4 Ra7 19. Ke2 Qb7 20. Rcg1 Rfa8 21. h4 Ra3
22. h5 Ne4 23. Bxe4 dxe4 24. g5 Nf8 25. Rc1 gxh5 26. Rxh5 Ra1 27. Rhh1 Rxc1 28.
Rxc1 Qd7 29. Qxe4 Ng6 30. Rh1 Ra3 31. Rc1 Kf7 32. Kd3 Rb3 33. Rb1 Ra3 34. Kc2
Kg8 35. Kb2 Ra7 36. Ra1 Rxa1 37. Kxa1 Kf7 38. Kb2 Kg8 39. Nb1 Nf8 40. Nd2 Qb7
41. Nb3 Bd8 42. Bd6 Qd7 43. Bxf8 Kxf8 44. Qxh7 Bxg5 45. Qh8+ Kf7 46. Qh5+ Kf6
47. f4 Bh6 48. Qe5+ Kf7 49. Nd2 g6 50. Ne4 Bg7 51. Ng5+ Kg8 52. Qb8+ Bf8 53.
Kc3 Qd5 54. Qe8 Qc4+ 55. Kd2 Qxb4+ 56. Ke2 Qc4+ 57. Kf2 Qc2+ 58. Kg3 Qf5 59.
Qxc6 b4 60. Qb7 Bg7 61. Qb8+ Bf8 62. Qxb4 Qd3 63. Qe1 Qb3 64. Qc1 Bg7 65. c6
Qb8 66. c7 Qc8 67. Nxe6 Bf6 68. d5 Kf7 69. Qc6 Be7 70. d6 Bxd6 71. Qxd6 Qxe6
72. Qxe6+ Kxe6 73. c8=Q+ 1-0

[Event "4NCL Online Division 3"]
[Site "online"]
[Date "2020.04.28"]
[Round "4.132"]
[White "Fewell, Ewan"]
[Black "Singh, Amrik J"]
[Result "0-1"]
[WhiteElo "1907"]
[BlackElo "1870"]
[PlyCount "142"]
[EventDate "2020.04.28"]
[WhiteTeam "Nottingham University 1"]
[BlackTeam "Warley Mighty Quins"]

1. e4 g6 2. d4 Bg7 3. Nc3 d6 4. Be3 Nd7 5. f4 a6 6. Nf3 b5 7. Bd3 Bb7 8. O-O e6
9. f5 Ngf6 10. fxe6 fxe6 11. Ng5 Qe7 12. Ne2 h6 13. e5 hxg5 14. Bxg6+ Kd8 15.
Bxg5 dxe5 16. dxe5 Qc5+ 17. Qd4 Qxe5 18. Qxe5 Nxe5 19. Rxf6 Kd7 20. Rd1+ Bd5
21. Rff1 Rag8 22. Be4 c6 23. Bf4 Kc8 24. Bxd5 exd5 25. Ng3 Ng4 26. Nf5 Bxb2 27.
Ne7+ Kb7 28. Nxg8 Rxg8 29. h3 Nf6 30. Bd6 Ne4 31. Rf7+ Kb6 32. Bc7+ Kc5 33. Rb1
Bd4+ 34. Kh2 Nc3 35. Rbf1 Nxa2 36. g4 Nc3 37. R1f5 Ne4 38. Re7 Kc4 39. Re6 c5
40. Rxa6 b4 41. Be5 Bxe5+ 42. Rxe5 Kd4 43. Rf5 c4 44. Ra5 Nc3 45. Rf4+ Ke3 46.
Kg3 Ne2+ 47. Kh4 Nxf4 48. Ra7 Rh8+ 49. Kg5 Nxh3+ 50. Kf5 Kd4 51. g5 Rh5 52. Kg4
Rxg5+ 53. Kxh3 Kc3 54. Ra2 Re5 55. Kg3 Re2 56. Kf3 Rxc2 57. Ra8 d4 58. Ke4 d3
59. Ke3 Re2+ 60. Kf3 b3 61. Ra1 b2 62. Ra3+ Kc2 63. Ra2 c3 64. Kg3 d2 65. Kf3
Re1 66. Kf2 d1=Q 67. Kg3 Qd4 68. Kg2 Re3 69. Kf1 Qd3+ 70. Kg1 Re1+ 71. Kf2 Re2+
0-1

[Event "4NCL Online Division 3"]
[Site "online"]
[Date "2020.04.28"]
[Round "4.133"]
[White "Emery, Ian"]
[Black "Huseletov, Stanislav"]
[Result "0-1"]
[WhiteElo "1825"]
[BlackElo "1810"]
[PlyCount "72"]
[EventDate "2020.04.28"]
[WhiteTeam "Warley Mighty Quins"]
[BlackTeam "Nottingham University 1"]

1. e4 c5 2. Nf3 Nc6 3. Bb5 Nf6 4. e5 Nd5 5. Nc3 Nxc3 6. bxc3 g6 7. O-O Bg7 8.
d4 O-O 9. Bg5 d6 10. Re1 dxe5 11. dxe5 Qc7 12. Qe2 Bd7 13. Rad1 Rad8 14. Bc4
Bg4 15. e6 f6 16. Bh4 Ne5 17. Bg3 Bxf3 18. gxf3 Rxd1 19. Rxd1 Qa5 20. Rd7 b5
21. Bxb5 Nxd7 22. exd7 e5 23. Qf1 Qxc3 24. Bc4+ Kh8 25. Be6 Qxc2 26. Qa6 Qd1+
27. Kg2 f5 28. Bh4 e4 29. Qc8 Qxf3+ 30. Kg1 Qg4+ 31. Bg3 Qd1+ 32. Kg2 f4 33.
Bxf4 Qf3+ 34. Kf1 Qxf4 35. Ke1 Qxf2+ 36. Kd1 e3 0-1

[Event "4NCL Online Division 3"]
[Site "online"]
[Date "2020.04.28"]
[Round "4.134"]
[White "Pincheira Sarmiento, Bernardo"]
[Black "Jeffs, David"]
[Result "1/2-1/2"]
[WhiteElo "1795"]
[BlackElo "1720"]
[PlyCount "111"]
[EventDate "2020.04.28"]
[WhiteTeam "Nottingham University 1"]
[BlackTeam "Warley Mighty Quins"]

1. d4 Nf6 2. c4 g6 3. Nf3 d6 4. Bf4 Bg7 5. e3 O-O 6. Be2 b6 7. Nc3 Bb7 8. O-O
Nbd7 9. Qc2 c6 10. Rad1 d5 11. Rfe1 Rc8 12. Nd2 h6 13. e4 dxe4 14. Ndxe4 Nh7
15. Be3 f5 16. Qc1 fxe4 17. Bxh6 Ndf6 18. Bxg7 Kxg7 19. Qe3 Qe8 20. Nxe4 Qf7
21. Nxf6 Nxf6 22. b3 Rcd8 23. Bf3 Rd7 24. Rd2 Re8 25. Qe5 Kf8 26. g4 Rd6 27. g5
Bc8 28. gxf6 Re6 29. fxe7+ Kg8 30. Qxe6 Bxe6 31. Bxc6 Rxe7 32. Rde2 Qf6 33.
Rxe6 Rxe6 34. Rxe6 Qxd4 35. Rxg6+ Kf7 36. Rg3 Qa1+ 37. Kg2 Qxa2 38. Bd5+ Ke7
39. h4 Qc2 40. Re3+ Kf8 41. Be4 Qb2 42. h5 Kg7 43. Rg3+ Kh6 44. Bg6 a5 45. Re3
Qf6 46. Rd3 Qc6+ 47. f3 b5 48. cxb5 Qxb5 49. Kg3 Qg5+ 50. Kf2 Qf4 51. Ke2 Qe5+
52. Kd2 Qb2+ 53. Ke3 Qe5+ 54. Kd2 Qb2+ 55. Ke3 Qe5+ 56. Kd2 1/2-1/2

[Event "4NCL Online Division 3"]
[Site "online"]
[Date "2020.04.28"]
[Round "4.141"]
[White "Bott, Simeon"]
[Black "Thomson, Neil"]
[Result "1-0"]
[WhiteElo "1937"]
[BlackElo "1960"]
[PlyCount "119"]
[EventDate "2020.04.28"]
[WhiteTeam "Warwick University B"]
[BlackTeam "Four Horsemen"]

1. e4 e5 2. Nf3 Nc6 3. Bc4 Nf6 4. d3 Be7 5. O-O O-O 6. Re1 d6 7. a4 Be6 8. Nbd2
Qd7 9. a5 a6 10. c3 Rfe8 11. b4 Bf8 12. b5 Nd8 13. bxa6 bxa6 14. Qa4 Nc6 15.
Rb1 d5 16. Bb3 Rab8 17. Ba3 Bxa3 18. Qxa3 dxe4 19. dxe4 Rb5 20. Bxe6 Qxe6 21.
Rxb5 axb5 22. Rb1 Rb8 23. Qc5 Nd7 24. Qa3 h6 25. h3 Na7 26. c4 c6 27. c5 Qe7
28. Nb3 b4 29. Qc1 Nb5 30. Qe3 Nc3 31. Ra1 Ra8 32. Nfd2 Qe6 33. Qd3 g6 34. f3
f5 35. exf5 gxf5 36. Qc4 Qxc4 37. Nxc4 Nd5 38. Kf2 Kf7 39. Re1 Kf6 40. Nb6 Ra7
41. Rd1 Ke6 42. g3 Nb8 43. Re1 Nd7 44. Nd4+ Kf6 45. Nxc6 N7xb6 46. Nxa7 Nc4 47.
Nc6 b3 48. a6 b2 49. a7 Nc7 50. Rb1 Ke6 51. f4 e4 52. Nd4+ Kd5 53. Nxf5 Kxc5
54. Ne3 Nxe3 55. Kxe3 Nd5+ 56. Kd2 e3+ 57. Kc2 Nb4+ 58. Kxb2 e2 59. Kc3 Nd5+
60. Kd2 1-0

[Event "4NCL Online Division 3"]
[Site "online"]
[Date "2020.04.28"]
[Round "4.142"]
[White "Gillespie, Gary"]
[Black "Karia, Rishul"]
[Result "0-1"]
[WhiteElo "1843"]
[BlackElo "1870"]
[PlyCount "102"]
[EventDate "2020.04.28"]
[WhiteTeam "Four Horsemen"]
[BlackTeam "Warwick University B"]

1. d4 Nf6 2. Nf3 g6 3. Nc3 Bg7 4. e4 d6 5. Be2 Nbd7 6. O-O O-O 7. Be3 Ng4 8.
Bg5 f6 9. Bh4 g5 10. Bg3 Nh6 11. a4 e6 12. Qd2 Nf7 13. Bd3 h5 14. h4 g4 15. Nh2
e5 16. f3 exd4 17. Nd5 Nde5 18. fxg4 hxg4 19. Qf2 Nxd3 20. cxd3 Ne5 21. Qxd4 f5
22. Qe3 c6 23. Nc3 Ng6 24. h5 f4 25. Bxf4 Nxf4 26. Rxf4 Bh6 27. Rxf8+ Qxf8 28.
Qe2 Qg7 29. Rf1 Be6 30. Nd1 Qg5 31. g3 Qxh5 32. Nf2 Rf8 33. Nhxg4 Kh8 34. Kg2
Rxf2+ 35. Qxf2 Qxg4 36. Qf6+ Bg7 37. Rh1+ Qh3+ 38. Rxh3+ Bxh3+ 39. Kxh3 Bxf6
40. b3 Kg7 41. Kg4 Kg6 42. Kf4 Be5+ 43. Kg4 Bc3 44. Kf4 Be5+ 45. Kg4 a5 46. Kh4
b5 47. Kg4 Kf6 48. Kh4 Bc3 49. g4 Ke5 50. g5 Kf4 51. g6 Ke3 0-1

[Event "4NCL Online Division 3"]
[Site "online"]
[Date "2020.04.28"]
[Round "4.143"]
[White "Behler, Paul"]
[Black "Murdochy, Shivan"]
[Result "1-0"]
[WhiteElo "1750"]
[BlackElo "1887"]
[PlyCount "45"]
[EventDate "2020.04.28"]
[WhiteTeam "Warwick University B"]
[BlackTeam "Four Horsemen"]

1. e4 e6 2. d4 d5 3. Nc3 Nf6 4. e5 Nfd7 5. f4 c5 6. Nf3 Nc6 7. Be3 Be7 8. Qd2
O-O 9. g3 a6 10. Bh3 b5 11. a3 Rb8 12. O-O a5 13. f5 cxd4 14. Nxd4 Ndxe5 15.
fxe6 Nc4 16. Qe2 Bc5 17. Nxc6 Bxe3+ 18. Kh1 Qd6 19. Nxb8 d4 20. exf7+ Rxf7 21.
Bxc8 Qxb8 22. Be6 Qb7+ 23. Bd5 1-0

[Event "4NCL Online Division 3"]
[Site "online"]
[Date "2020.04.28"]
[Round "4.144"]
[White "Wilkinson, Kevin"]
[Black "Fakhoury, Ziad Oussma"]
[Result "1-0"]
[WhiteElo "1392"]
[BlackElo "1450"]
[PlyCount "31"]
[EventDate "2020.04.28"]
[WhiteTeam "Four Horsemen"]
[BlackTeam "Warwick University B"]

1. c4 c5 2. Nc3 g6 3. g3 Bg7 4. Bg2 Nc6 5. a3 e6 6. b4 Nxb4 7. axb4 cxb4 8. Nb5
Bxa1 9. Qa4 Bg7 10. Qxb4 Bf8 11. Qc3 Nf6 12. Ba3 Bg7 13. Nd6+ Ke7 14. Nxb7+ Ke8
15. Nxd8 Kxd8 16. Bxa8 1-0

[Event "4NCL Online Division 3"]
[Site "online"]
[Date "2020.04.28"]
[Round "4.151"]
[White "Pigott, Darrell N"]
[Black "Keady, Mark A"]
[Result "1-0"]
[WhiteElo "1900"]
[BlackElo "1952"]
[PlyCount "179"]
[EventDate "2020.04.28"]
[WhiteTeam "Watford 2"]
[BlackTeam "Shropshire 2"]

1. e4 c5 2. Nf3 g6 3. Nc3 Bg7 4. d3 Nc6 5. g3 d6 6. Bg2 Nf6 7. O-O O-O 8. Re1
Bg4 9. h3 Bd7 10. Be3 Rc8 11. Qd2 Re8 12. Bg5 Be6 13. Rab1 a6 14. a4 Qa5 15. e5
dxe5 16. Nxe5 Nxe5 17. Rxe5 Nd7 18. Ree1 Qb6 19. Nd5 Bxd5 20. Bxd5 e6 21. Bg2
f6 22. Bh6 Bxh6 23. Qxh6 c4 24. d4 Qa5 25. Bxb7 Rc7 26. Bg2 Qxa4 27. Qf4 Rcc8
28. Qd6 Nf8 29. Qf4 Kg7 30. c3 Qb3 31. g4 g5 32. Qd6 a5 33. Be4 a4 34. Bc6 Qb6
35. d5 e5 36. Qa3 Red8 37. Qxa4 Ng6 38. Qxc4 Nf4 39. Qf1 Qb3 40. Ra1 Rc7 41.
Reb1 Qc2 42. Rc1 Qd3 43. Qxd3 Nxd3 44. Rc2 Nf4 45. Kh2 Nxd5 46. Bxd5 Rxd5 47.
Ra6 Rb5 48. Ra3 Rcb7 49. b4 Rc7 50. c4 Rxb4 51. c5 Rb5 52. c6 Rb6 53. Rac3 Kf7
54. Kg2 Ke6 55. Kf3 h6 56. Ke4 Rb4+ 57. Kf3 Kd6 58. Rd2+ Rd4 59. Rdc2 Ra4 60.
Rd3+ Ke7 61. Rdc3 Ke6 62. Rb3 Ra6 63. Rbc3 Rb6 64. Ke3 f5 65. gxf5+ Kxf5 66.
Kf3 h5 67. Rc4 e4+ 68. Ke3 Rb3+ 69. R2c3 Rxc3+ 70. Rxc3 g4 71. Rc5+ Kg6 72.
hxg4 hxg4 73. Kf4 Kf6 74. Kxe4 Ke6 75. Kf4 Kd6 76. Rc1 Rf7+ 77. Kxg4 Kc7 78. f4
Rg7+ 79. Kf5 Rf7+ 80. Ke5 Re7+ 81. Kf6 Re3 82. f5 Rf3 83. Ke6 Re3+ 84. Kf7 Rf3
85. f6 Rf4 86. Ke7 Re4+ 87. Kf8 Rf4 88. f7 Rf3 89. Rg1 Kxc6 90. Kg7 1-0

[Event "4NCL Online Division 3"]
[Site "online"]
[Date "2020.04.28"]
[Round "4.152"]
[White "Lewis, Christopher D"]
[Black "Sloan, Cecil"]
[Result "1-0"]
[WhiteElo "1930"]
[BlackElo "1735"]
[PlyCount "115"]
[EventDate "2020.04.28"]
[WhiteTeam "Shropshire 2"]
[BlackTeam "Watford 2"]

1. e4 c5 2. Nf3 e6 3. d4 cxd4 4. Nxd4 Nf6 5. Nb5 Nxe4 6. Bf4 Na6 7. f3 Nf6 8.
Bd6 Bxd6 9. Nxd6+ Ke7 10. Nb5 d5 11. Qd4 Re8 12. Nxa7 Qa5+ 13. Nc3 Kf8 14. Nxc8
Rexc8 15. Qd2 Nc7 16. a4 Qb4 17. Bd3 d4 18. Ne4 Qxd2+ 19. Kxd2 Ncd5 20. Nd6 Rc7
21. Nb5 Rd7 22. g3 Nb4 23. Bc4 Rc8 24. b3 Nc6 25. Rae1 Na5 26. Bd3 Nc6 27. h4
Nb4 28. Bc4 Nc6 29. h5 Nd5 30. Rh4 Ne3 31. Bf1 Ne5 32. Nxd4 Nxf3+ 33. Kxe3 Nxe1
34. c4 e5 35. Nb5 Nc2+ 36. Ke4 f6 37. Bh3 Rdd8 38. Bxc8 Rxc8 39. Rh2 Nb4 40.
Rd2 Ke7 41. Kf5 Nc6 42. g4 Rd8 43. Rxd8 Nxd8 44. Ke4 Ne6 45. Kd5 Kd7 46. c5
Nc7+ 47. Nxc7 Kxc7 48. b4 g6 49. hxg6 hxg6 50. b5 Kb8 51. a5 Kc7 52. a6 Kb8 53.
c6 b6 54. Kd6 e4 55. Kd7 e3 56. c7+ Ka7 57. c8=Q e2 58. Qb7# 1-0

[Event "4NCL Online Division 3"]
[Site "online"]
[Date "2020.04.28"]
[Round "4.153"]
[White "Littlefair, Paul"]
[Black "Ilesanmi, Olusegun"]
[Result "0-1"]
[WhiteElo "1727"]
[BlackElo "1907"]
[PlyCount "106"]
[EventDate "2020.04.28"]
[WhiteTeam "Watford 2"]
[BlackTeam "Shropshire 2"]

1. e4 d5 2. exd5 Qxd5 3. Nc3 Qa5 4. d4 Nf6 5. Bd2 Qb6 6. Nf3 h6 7. Rb1 a6 8.
Bc4 Nc6 9. Be3 Na7 10. h3 e6 11. a3 Qc6 12. Bb3 Be7 13. O-O b5 14. Ne5 Qb7 15.
f4 O-O 16. Qe2 a5 17. Rfd1 b4 18. Na4 Qb5 19. Qe1 Nc6 20. Nc5 Bxc5 21. dxc5
Nxe5 22. fxe5 Nd5 23. Bxd5 exd5 24. Rxd5 Bf5 25. Qd1 b3 26. c4 Qb7 27. Rc1 Rfe8
28. Bf4 Kh7 29. Rc3 Rab8 30. Rf3 Be4 31. Rg3 Qc6 32. Rd4 Qxc5 33. Kh2 Bg6 34.
Rc3 Kg8 35. Rd5 Qc6 36. Rxa5 Qe6 37. Rc5 Bc2 38. Qe2 c6 39. Ra5 Rbd8 40. Ra6
Qc8 41. Rb6 Qc7 42. Rb4 Re6 43. Qf3 Qc8 44. Ra4 Ree8 45. Ra7 Rd1 46. Bxh6 Qe6
47. Bf4 Rb1 48. Rc7 Rxb2 49. Rxc6 Qf5 50. Ra6 Be4 51. Qe3 Rxg2+ 52. Kh1 Rg3+
53. Qxe4 Qxe4+ 0-1

[Event "4NCL Online Division 3"]
[Site "online"]
[Date "2020.04.28"]
[Round "4.154"]
[White "Clark, Matthew D H"]
[Black "Shaw, David K"]
[Result "1/2-1/2"]
[WhiteElo "1892"]
[BlackElo "1690"]
[PlyCount "110"]
[EventDate "2020.04.28"]
[WhiteTeam "Shropshire 2"]
[BlackTeam "Watford 2"]

1. e4 e6 2. d4 d5 3. Nd2 Nf6 4. e5 Nfd7 5. Bd3 c5 6. c3 Nc6 7. Ndf3 f6 8. exf6
Nxf6 9. Ne2 Bd6 10. O-O O-O 11. Bg5 e5 12. dxe5 Nxe5 13. Nxe5 Bxe5 14. Bh4
Bxh2+ 15. Kh1 Bc7 16. Ng3 Qd6 17. Re1 Ng4 18. Kg1 Nxf2 19. Qc2 Nxd3 20. Qxd3
Bd8 21. Bxd8 Rxd8 22. Re3 d4 23. Qc4+ Kh8 24. cxd4 Qxd4 25. Qxd4 cxd4 26. Re7
h6 27. Ne4 Bf5 28. Nd2 Rd7 29. Rae1 Kg8 30. Rxd7 Bxd7 31. Re4 Bc6 32. Rxd4 Re8
33. Nf3 Bxf3 34. gxf3 Re2 35. Rb4 b6 36. a4 h5 37. Rb5 g6 38. a5 bxa5 39. Rxa5
Rxb2 40. Rxa7 h4 41. Ra4 Rb3 42. Rxh4 Rxf3 43. Ra4 Kg7 44. Kg2 Rf5 45. Kg3 Rd5
46. Kg4 Re5 47. Rb4 Kf6 48. Rb6+ Kg7 49. Rb7+ Kh6 50. Rb4 g5 51. Rb6+ Kg7 52.
Ra6 Rd5 53. Rb6 Re5 54. Ra6 Rd5 55. Rb6 Re5 1/2-1/2

[Event "4NCL Online Division 3"]
[Site "online"]
[Date "2020.04.28"]
[Round "4.161"]
[White "Carpenter, Stephen C D"]
[Black "Dinter, Brian"]
[Result "0-1"]
[WhiteElo "1907"]
[BlackElo "2215"]
[PlyCount "60"]
[EventDate "2020.04.28"]
[WhiteTeam "Wimbledon 2"]
[BlackTeam "Stroud The Young"]

1. d4 d5 2. c4 c6 3. Nf3 e6 4. Nc3 dxc4 5. a4 Bb4 6. e3 b5 7. Bd2 a5 8. axb5
Bxc3 9. Bxc3 cxb5 10. Ne5 Bb7 11. Nxf7 Kxf7 12. Qh5+ g6 13. Qxb5 Qd5 14. Qa4
Nf6 15. f3 Rc8 16. Be2 Bc6 17. Qc2 Na6 18. h4 Nb4 19. Bxb4 axb4 20. Rxa8 Rxa8
21. Bxc4 Qd6 22. Kf2 Rc8 23. Qd3 Bd5 24. b3 Ra8 25. Qd2 Nh5 26. f4 Nf6 27. Bxd5
Qxd5 28. Qc2 Ng4+ 29. Kg3 Nxe3 30. Qc7+ Kg8 0-1

[Event "4NCL Online Division 3"]
[Site "online"]
[Date "2020.04.28"]
[Round "4.162"]
[White "Francis, Joel"]
[Black "Tello, Yasser"]
[Result "1/2-1/2"]
[WhiteElo "1675"]
[BlackElo "1900"]
[PlyCount "176"]
[EventDate "2020.04.28"]
[WhiteTeam "Stroud The Young"]
[BlackTeam "Wimbledon 2"]

1. a3 g6 2. Nf3 Bg7 3. h4 c5 4. h5 Nc6 5. e4 d6 6. d3 Bg4 7. h6 Bf6 8. Be2 e6
9. c3 Nge7 10. Nbd2 O-O 11. Nf1 d5 12. Ng5 Bxe2 13. Qxe2 Qd7 14. Ng3 Rad8 15.
Bf4 e5 16. Bd2 Rfe8 17. Nf3 b5 18. Bg5 Bh8 19. Nh2 f6 20. Bd2 f5 21. exf5 Nxf5
22. Bg5 Rc8 23. O-O a5 24. Ng4 Rf8 25. Ne3 Nxe3 26. fxe3 b4 27. Rxf8+ Rxf8 28.
axb4 axb4 29. e4 bxc3 30. bxc3 d4 31. c4 Bf6 32. Bxf6 Rxf6 33. Ra8+ Rf8 34.
Rxf8+ Kxf8 35. Qf1+ Qf7 36. Qa1 Qb7 37. Qa3 Nb4 38. Nf1 Ke7 39. Nh2 Kd6 40. Ng4
Nc2 41. Qc1 Nb4 42. Nf2 Qe7 43. Qd1 Qg5 44. Qa1 Qxh6 45. Qa8 Qc1+ 46. Kh2 Qh6+
47. Kg1 Qg7 48. Qd8+ Kc6 49. Qc8+ Qc7 50. Qe8+ Kb6 51. Qb5+ Ka7 52. Qa4+ Kb8
53. Qe8+ Ka7 54. Qa4+ Na6 55. Ng4 Qe7 56. Qb5 h5 57. Nf2 g5 58. Qc6 g4 59. Qg6
Nb4 60. Kf1 Qf8 61. Qf5 Qxf5 62. exf5 Nc6 63. Ne4 Kb6 64. f6 Nd8 65. Nd6 Kc6
66. f7 Ne6 67. Ne4 h4 68. Kf2 g3+ 69. Kf3 Nf8 70. Kg4 Kd7 71. Nxc5+ Ke7 72.
Kxh4 Kxf7 73. Kxg3 Ng6 74. Kf3 Kf6 75. Ne4+ Ke6 76. c5 Nf4 77. Nf2 Kd5 78. g4
Kxc5 79. Ke4 Kd6 80. g5 Ke6 81. Ng4 Ng6 82. Nh6 Nf4 83. Nf5 Ng6 84. Nxd4+ exd4
85. Kxd4 Kf5 86. Kc5 Kxg5 87. d4 Nf4 88. d5 Nxd5 1/2-1/2

[Event "4NCL Online Division 3"]
[Site "online"]
[Date "2020.04.28"]
[Round "4.163"]
[White "Silva Peña, Ángel David"]
[Black "Southcott-Moyers, Indy"]
[Result "1-0"]
[WhiteElo "1862"]
[BlackElo "1442"]
[PlyCount "122"]
[EventDate "2020.04.28"]
[WhiteTeam "Wimbledon 2"]
[BlackTeam "Stroud The Young"]

1. e4 c6 2. d4 d5 3. Nc3 dxe4 4. Nxe4 Bf5 5. Ng3 Bg6 6. h4 h6 7. Nf3 Nf6 8. h5
Bh7 9. Bd3 Bxd3 10. Qxd3 e6 11. Bd2 Bd6 12. Ne4 Nxe4 13. Qxe4 Nd7 14. O-O-O Nf6
15. Qe2 Qc7 16. Kb1 O-O-O 17. c4 Bf4 18. Bc3 Rhe8 19. g3 Bd6 20. Ne5 Qe7 21. f4
Kb8 22. g4 Nd7 23. Ba5 Bc7 24. Be1 f6 25. Ng6 Qf7 26. Rf1 Nf8 27. Qc2 Nxg6 28.
hxg6 Qd7 29. Bc3 Bd6 30. g5 hxg5 31. fxg5 f5 32. d5 exd5 33. cxd5 f4 34. dxc6
Qxc6 35. Bxg7 Qxc2+ 36. Kxc2 Rg8 37. Rxd6 Rxd6 38. Be5 Rgxg6 39. Bxd6+ Rxd6 40.
Rxf4 Kc7 41. Rg4 Rg6 42. Kd3 Kd6 43. Kd4 b6 44. a4 a6 45. b4 b5 46. a5 Ke6 47.
Ke4 Rg7 48. g6 Re7 49. g7 Kf7+ 50. Kd5 Kg8 51. Rg6 Ra7 52. Kc6 Ra8 53. Kb7 Re8
54. Kxa6 Ra8+ 55. Kxb5 Rb8+ 56. Rb6 Rd8 57. Rb7 Rd5+ 58. Kc6 Rg5 59. a6 Rg1 60.
a7 Ra1 61. Rb8+ Kxg7 1-0

[Event "4NCL Online Division 3"]
[Site "online"]
[Date "2020.04.28"]
[Round "4.164"]
[White "Carey, Alex"]
[Black "Hernandez, Federico"]
[Result "1-0"]
[WhiteElo "1442"]
[BlackElo "1795"]
[PlyCount "129"]
[EventDate "2020.04.28"]
[WhiteTeam "Stroud The Young"]
[BlackTeam "Wimbledon 2"]

1. e4 c6 2. d4 d5 3. Nc3 dxe4 4. Nxe4 Bf5 5. Ng3 Bg6 6. h4 h6 7. Nf3 Nd7 8. Bd3
Bxd3 9. Qxd3 e6 10. Bf4 Qa5+ 11. Bd2 Qc7 12. O-O-O Ngf6 13. Rhe1 Be7 14. Ne4
O-O-O 15. g3 e5 16. Nxf6 Bxf6 17. Be3 Rhe8 18. Qb3 Nb6 19. dxe5 Rxd1+ 20. Rxd1
Bxe5 21. Nxe5 Qxe5 22. Bxb6 axb6 23. Qxb6 f6 24. Qd4 Qxd4 25. Rxd4 Re2 26. Rf4
Re1+ 27. Kd2 Rf1 28. b3 b5 29. Ke2 Ra1 30. a4 Kc7 31. Rg4 g5 32. hxg5 hxg5 33.
Rd4 c5 34. Re4 Ra2 35. Kd2 c4 36. bxc4 Rxa4 37. Kc3 Kd6 38. Rd4+ Ke5 39. Rd5+
Ke4 40. Rxb5 Ra3+ 41. Rb3 Ra6 42. Kd2 Kd4 43. Rc3 f5 44. c5 Rc6 45. Rd3+ Ke4
46. Re3+ Kd4 47. Rd3+ Ke4 48. f3+ Ke5 49. Rc3 Kd4 50. f4 gxf4 51. gxf4 Rh6 52.
Re3 Rc6 53. Re5 Rxc5 54. Rxc5 Kxc5 55. Kd3 Kd5 56. c3 Kc5 57. c4 Kc6 58. Kd4
Kd6 59. c5+ Kc6 60. Ke5 Kxc5 61. Kxf5 Kd6 62. Kf6 Kd7 63. Kf7 Kd6 64. f5 Ke5
65. f6 1-0

[Event "4NCL Online Division 3"]
[Site "online"]
[Date "2020.05.05"]
[Round "5.11"]
[White "Porter, Sam J"]
[Black "Menadue, Jeremy F S"]
[Result "1/2-1/2"]
[WhiteElo "1975"]
[BlackElo "1996"]
[PlyCount "79"]
[EventDate "2020.05.05"]
[WhiteTeam "3 Smarties 1 Tube"]
[BlackTeam "Falmouth & Truro"]

1. e4 Nf6 2. e5 Nd5 3. d4 d6 4. c4 Nb6 5. f4 dxe5 6. fxe5 c5 7. d5 e6 8. Nc3
exd5 9. cxd5 c4 10. Nf3 Bb4 11. Bxc4 Bxc3+ 12. bxc3 Nxc4 13. Qa4+ Nd7 14. Qxc4
Nb6 15. Qd4 Qxd5 16. Ba3 Qxd4 17. cxd4 Be6 18. Bc5 Nc4 19. Nd2 Nxd2 20. Kxd2
Kd7 21. a4 b6 22. Bb4 Rhc8 23. Rhc1 Rxc1 24. Rxc1 Rc8 25. Rxc8 Kxc8 26. a5 Kd7
27. axb6 axb6 28. Bf8 g6 29. Bh6 Kc6 30. h3 Kd5 31. Kd3 b5 32. Bf8 h5 33. h4
Bf5+ 34. Kc3 Be4 35. g3 Bf3 36. Kd3 Be4+ 37. Kc3 Bg2 38. Kd3 Bf1+ 39. Kc3 Be2
40. Bh6 1/2-1/2

[Event "4NCL Online Division 3"]
[Site "online"]
[Date "2020.05.05"]
[Round "5.12"]
[White "Kneebone, Robin F G"]
[Black "Hookham, Jamie"]
[Result "1/2-1/2"]
[WhiteElo "1952"]
[BlackElo "2029"]
[PlyCount "138"]
[EventDate "2020.05.05"]
[WhiteTeam "Falmouth & Truro"]
[BlackTeam "3 Smarties 1 Tube"]

1. e4 c5 2. c3 d5 3. exd5 Qxd5 4. d4 Nf6 5. Nf3 e6 6. Na3 cxd4 7. Nb5 Na6 8.
Qxd4 Bc5 9. Qxd5 Nxd5 10. b4 Be7 11. a3 Bf6 12. Bd2 O-O 13. Rc1 Rd8 14. c4 Ndc7
15. Nxc7 Nxc7 16. Bf4 e5 17. Bg5 Bxg5 18. Nxg5 f6 19. Nf3 Bf5 20. c5 Bd3 21. c6
bxc6 22. Rxc6 Bxf1 23. Rxf1 Nd5 24. Nh4 Rac8 25. Rxc8 Rxc8 26. Kd2 Rc3 27. Ra1
g6 28. Nf3 e4 29. Ng1 Rd3+ 30. Ke1 Kf7 31. Ne2 Ke6 32. Nc1 Rc3 33. Ne2 Rc4 34.
Rc1 Rxc1+ 35. Nxc1 Ke5 36. Nb3 Nb6 37. Ke2 f5 38. f3 Nc4 39. fxe4 fxe4 40. a4
Nb6 41. Nc5 Kd4 42. g4 Nd5 43. Ne6+ Ke5 44. Nf8 Kf4 45. Nxh7 Kxg4 46. Nf8 Kf5
47. b5 Nc3+ 48. Ke3 Nxa4 49. Kd4 Nc5 50. h4 Nb7 51. Nd7 Nd6 52. b6 axb6 53.
Nxb6 Nb5+ 54. Ke3 Nc7 55. Kf2 Kf4 56. Ke2 Ne6 57. Nd5+ Ke5 58. Ne3 Nd4+ 59. Kf2
Nf5 60. Ng2 Kd4 61. Ke2 Ne7 62. Kf2 Nd5 63. Ke2 Ke5 64. Kf2 Kf5 65. Kg3 Nf6 66.
Ne3+ Ke5 67. Ng2 Kf5 68. Ne3+ Ke5 69. Ng2 Kf5 1/2-1/2

[Event "4NCL Online Division 3"]
[Site "online"]
[Date "2020.05.05"]
[Round "5.13"]
[White "Barron, Luke J"]
[Black "Willis, Toby W"]
[Result "1-0"]
[WhiteElo "1927"]
[BlackElo "1892"]
[PlyCount "79"]
[EventDate "2020.05.05"]
[WhiteTeam "3 Smarties 1 Tube"]
[BlackTeam "Falmouth & Truro"]

1. e4 c5 2. c4 Nc6 3. Nc3 g6 4. g3 Bg7 5. Bg2 e6 6. Nge2 Nge7 7. O-O O-O 8. d3
a6 9. Rb1 Rb8 10. a4 d6 11. Bf4 Nd4 12. Nxd4 cxd4 13. Ne2 b5 14. axb5 axb5 15.
b3 e5 16. Bg5 f6 17. Bd2 b4 18. Ra1 Qb6 19. Ra2 Nc6 20. Qc2 Bb7 21. Rfa1 Ra8
22. Nc1 Kf7 23. Rxa8 Rxa8 24. Rxa8 Bxa8 25. Qa2 Bb7 26. Bf3 Ke7 27. Qa4 Bc8 28.
Na2 Bd7 29. Nxb4 Nxb4 30. Qxb4 Qa7 31. Qa5 Qxa5 32. Bxa5 Bh6 33. Kf1 g5 34. g4
Bf8 35. Bd1 Bc8 36. b4 Bg7 37. f3 h5 38. gxh5 Bd7 39. b5 Bc8 40. Ba4 1-0

[Event "4NCL Online Division 3"]
[Site "online"]
[Date "2020.05.05"]
[Round "5.14"]
[White "Kostadinov, Boris K"]
[Black "Porter, James D"]
[Result "1/2-1/2"]
[WhiteElo "1622"]
[BlackElo "1749"]
[PlyCount "102"]
[EventDate "2020.05.05"]
[WhiteTeam "Falmouth & Truro"]
[BlackTeam "3 Smarties 1 Tube"]

1. d4 d5 2. c4 e5 3. dxe5 d4 4. a3 Nc6 5. Nf3 Bg4 6. e3 dxe3 7. Qxd8+ Rxd8 8.
Bxe3 Nxe5 9. Nbd2 Nxf3+ 10. Nxf3 Nf6 11. Be2 Be7 12. Ne5 Bxe2 13. Kxe2 a6 14.
Rhd1 O-O 15. h3 Rfe8 16. b4 Ne4 17. Bd4 Bf6 18. f4 Nd6 19. Rac1 Bxe5 20. fxe5
f6 21. Kf3 fxe5 22. Bb2 e4+ 23. Ke2 Kf7 24. Rd5 Nc8 25. Rf1+ Kg6 26. Rff5 h6
27. h4 Rxd5 28. Rxd5 Nb6 29. Rc5 c6 30. h5+ Kh7 31. Ke3 g6 32. g4 Nd7 33. Ra5
Nb6 34. Rc5 Rf8 35. Kxe4 Na4 36. hxg6+ Kxg6 37. Rf5 Rd8 38. Bd4 b5 39. Rf6+ Kg5
40. Rxc6 Kxg4 41. Rxh6 bxc4 42. Rxa6 c3 43. Rxa4 Rxd4+ 44. Kxd4 c2 45. Kc5
c1=Q+ 46. Kb6 Qe3+ 47. Ka6 Qe6+ 48. Ka5 Qe1 49. Ka6 Qe6+ 50. Ka5 Qe1 51. Ka6
Qe6+ 1/2-1/2

[Event "4NCL Online Division 3"]
[Site "online"]
[Date "2020.05.05"]
[Round "5.21"]
[White "Waterfield, John W"]
[Black "Mashayekh, Majid"]
[Result "1-0"]
[WhiteElo "1943"]
[BlackElo "1881"]
[PlyCount "25"]
[EventDate "2020.05.05"]
[WhiteTeam "Abergavenny and Friends"]
[BlackTeam "CSC 4"]

1. e4 c5 2. c3 d5 3. exd5 Qxd5 4. d4 Nf6 5. Nf3 e6 6. Bd3 Nc6 7. O-O Be7 8. Na3
Qd8 9. dxc5 Bxc5 10. Nc4 a6 11. a4 O-O 12. b4 Be7 13. Qc2 1-0